| 000 | 01310nam a2200325 a 4500 | ||
|---|---|---|---|
| 003 | OSt | ||
| 005 | 20240227115440.0 | ||
| 008 | 231121s2018 rm a|||| |||| 001 0 eng d | ||
| 020 | _a978-92-5-130571-3 | ||
| 040 |
_cCHAP _erda |
||
| 082 | 0 | 0 |
_222 _a363.82 _bF21y 2018 |
| 245 | 0 | 4 |
_aThe state of food segurity and nutrition in the worrld 2018 : _bbuilding climate resilience fpr food security and nutrition / _cpor FAO. FIDA, UNICEF, PMA y OMS. |
| 264 |
_aRome : _bFAO : _bFIDA : _bUNICEF : _bPMA : _bOMS, _c2018. |
||
| 300 |
_axv, 181 páginas: _bfiguras, tablas. |
||
| 336 |
_2rdacontent _atexto _btxt |
||
| 337 |
_2rdamedia _asin medio _bn |
||
| 338 |
_2rdacarrier _avolumen _bnc |
||
| 500 | _aIncluye notas páginas :162-181. | ||
| 650 | 4 |
_9103673 _aSeguridad alimentaria |
|
| 650 | 4 |
_9125570 _aNutrición humana |
|
| 650 | 4 |
_9186121 _aCambio climático _xPolítica y gobierno |
|
| 650 | 4 |
_9146271 _aAdaptación al cambio climático |
|
| 710 | 2 |
_9144278 _aOrganización de las Naciones Unidas para la Agricultura y la Alimentación (FAO) |
|
| 710 | 2 |
_942116 _aFondo Internacional de Desarrollo Agrícola (FIDA) |
|
| 710 | 2 |
_9188284 _aFondo de las Neciones Unidas para la Infancia (UNICEF) |
|
| 710 | 2 |
_9188252 _aOrganización Mundial de la Salud (OMS) |
|
| 942 | _2ddc | ||
| 942 | _2ddc | ||
| 942 | _cLIBRO | ||
| 999 |
_c219431 _d219431 |
||